000
00314nam a22001337a 4500
008
171016b xxu||||| |||| 00| 0 eng d
020
_a
9789282634455
041
_a
eng
080
_a
33
100
_a
52
101
_a
ECO
245
_a
AGREMENT ON THE EUROPEAN ECONOMIC AREA
_c
ROBERTS.P
942
_2
udc
_c
BK
999
_c
34043
_d
34043